Saggio storico sulle origini del governo rappresentativo nei regni di Castiglia, di Francia e d'Inghilterra / (Record no. 163536)

MARC details
000 -LEADER
campo de control de longitud fija 00671nam a2200181 i 4500
001 - NÚMERO DE CONTROL
campo de control 163536
003 - IDENTIFICADOR DE NÚMERO DE CONTROL
campo de control ES-MaACL
005 - FECHA Y HORA DE LA ÚLTIMA TRANSACCIÓN
campo de control 20230906212747.0
008 - DATOS DE LONGITUD FIJA--INFORMACIÓN GENERAL
campo de control de longitud fija 050714s1876 it | |||||||| ||ita d
040 ## - FUENTE DE CATALOGACIÓN
Centro catalogador/agencia de origen CAM
Lengua de catalogación spa
Centro/agencia transcriptor CAM
100 1# - ENTRADA PRINCIPAL--NOMBRE DE PERSONA
Nombre de persona Rinaudo, Costanzo.
9 (RLIN) 131825
245 10 - MENCIÓN DEL TÍTULO
Título Saggio storico sulle origini del governo rappresentativo nei regni di Castiglia, di Francia e d'Inghilterra /
Mención de responsabilidad, etc. di Costanzo Rinaudo.
260 ## - PUBLICACIÓN, DISTRIBUCIÓN, ETC.
Lugar de publicación, distribución, etc. Torino :
Nombre del editor, distribuidor, etc. [Ermanno Loescher],
Fecha de publicación, distribución, etc. 1876 (
Fabricante Vincenzo Bona)
300 ## - DESCRIPCIÓN FÍSICA
Extensión 142 p. ;
Dimensiones 24 cm.
596 ## - NOTA AL PIE DE IMPRENTA
NOTA AL PIE DE IMPRENTA El ed. tomado de la cub., donde consta la fecha 1877.
650 #4 - PUNTO DE ACCESO ADICIONAL DE MATERIA--TÉRMINO DE MATERIA
Término de materia o nombre geográfico como elemento de entrada Gobierno representativo.
9 (RLIN) 138674
852 ## - LOCALIZACIÓN
Ubicación ES-MaACL
Número de control de estantería F-788
Nota libre -- Rust.
Holdings
Estatus retirado Estado de pérdida Estado de daño No para préstamo Colección Biblioteca de origen Biblioteca actual Ubicación en estantería Fecha de adquisición Fuente de adquisición Total de préstamos Signatura topográfica completa Código de barras Visto por última vez Precio de reemplazo Tipo de ítem Koha
        Libros del s. XIX Biblioteca del Ateneo de Madrid Biblioteca del Ateneo de Madrid Depósito 2 17/01/2008     F-788 1171368 23/02/2023 23/02/2023 Libro impreso antiguo